1486 1859 1666 1187 1429 1870 1934 1812 1829 1957 1345 1162 1980 1599 1969 1879 1325 1471 1392 1652 1063 1386 1374 1981 1256 1318 1135 1661 1631 1140 1183 1054 1757 1500 1182 1971 1672 1242 1555 1248 1160 1412 1047 1411 1332 1278 1570 1024 1857 1476 1675 1285 1803 1393 1752 1167 1207 1208 1652 1933 1170 1499 1542 1067 1047 1439 1989 1068 1252 1148 1102 1916 1896 1564 1743 1531 1707 1654 1554 1649 1264 1322 1812 1043 1854 1067 1508 1266 1107 1951 1326 1764 1512 1283 1138 1667 1019 1655 1380 BCNSPRNW ULIB Ver.6.0+V

เปลี่ยนเป็นภาษาไทย

Change to English
 แสดงรายละเอียดบรรณานุกรม
  กลับหน้าหลัก

Brief Record : Get Marc (ISO 2709) : E-mail record : QR code < ปิดหน้าต่าง
LEADER : 00000nas 2200000uu 4500
001    13399114049
003     ULIB
008    020711s|||| th a 000 0 tha d
022    ^a19061919
110    ^aวิทยาลัยพยาบาลบรมราชชนนี นครลำปาง
245    ^aวารสารวิชาการสุขภาพภาคเหนือ
260    ^aลำปาง :^bวิทยาลัยพยาบาลบรมราชชนนี นครลำปาง,^cม.ป.ป.
310    ^aราย 6 เดือน
850    ^aฉบับที่ 1 ปีที่ 3;ฉบับที่ 2 ปีที่ 1;ฉบับที่ 1 ปีที่ 2
945    ^p0^l0^i800041
945    ^p0^l0^i901724
945    ^p0^l0^i901725
999 ^a ใช้งานได้ทุกระบบ
รายการนี้ยังไม่มีแท็ก
คุณยังไม่ได้ล็อกอิน คุณสามารถมีกิจกรรมร่วมกับเว็บไซต์ได้ แต่ต้องล็อกอินก่อน ::
  ล็อกอิน

รายการสื่อสารสนเทศ (วารสาร)

ดูแบบ: กล่อง รายการ
ARRIVED
ฉบับที่ 2 ปีที่ 1
สถานที่: ห้องสมุดวิทยาเขตสวรรค์ประชารักษ์ >วารสาร
ARRIVED
ฉบับที่ 1 ปีที่ 2
สถานที่: ห้องสมุดวิทยาเขตสวรรค์ประชารักษ์ >วารสาร
ARRIVED
ฉบับที่ 1 ปีที่ 3
สถานที่: ห้องสมุดวิทยาเขตสวรรค์ประชารักษ์ >วารสาร
รายการใกล้เคียง
    ผู้แต่ง []

BibComment


ยังไม่เคยถูกคอมเมนท์

คอมเมนท์ทรัพยากรรายการนี้
  คอมเมนท์: วารสารวิชาการสุข..


 Copyright 2026. Bcnsprnw @Library